000 00868nam a2200229Ia 4500
003 BUBTL
008 151213s9999 xx 000 0 und d
020 _a0-07-060448-7
082 _a658.5
_bCHM
100 _aRichard B. Chase, E Robert Jacobs, Nicholas J . Aquilano & Nitin K Agarwal
245 _aOperation Management for Competitive Advantage.
_cRichard B. Chase, E Robert Jacobs, Nicholas J . Aquilano & Nitin K Agarwal
250 _a11th
260 _aNew Delhi
_bTata Mc Graw Hill Publishing Company Limited
_c2006
300 _a847 . :
_bill , Chart , Graph , Table ; 22cm .
_cManagement .
500 _aIncludes Index .
650 _aManagement
650 _aManagement
700 _aRichard B. Chase, E Robert Jacobs, Nicholas J . Aquilano & Nitin K Agarwal
856 _k0
_l0
_yDownload
942 _2ddc
_cBK
999 _c4778
_d4778